Nota Kursus Pendaftaran dan Statistik (1.8.88 - 13.8.88) Jilid 2

Bibliographic Details
Format: Book
Subjects:
Online Access:http://app.inspen.gov.my:7779/pls/portal/docs/PAGE/CORPORATEPAGES/PORTAL_INSPEN/NOTA_KURSUS/K/LM.PDF

MARC

LEADER 00000cam a2200000 7i4500
001 0000006701
005 20071126.0
040 |a INS 
090 0 0 |a K04 
245 0 0 |a Nota Kursus Pendaftaran dan Statistik (1.8.88 - 13.8.88) Jilid 2 
500 |a Digital document is available on-line; Please click the URL below 
650 0 0 |a Perkeranian 
856 |u http://app.inspen.gov.my:7779/pls/portal/docs/PAGE/CORPORATEPAGES/PORTAL_INSPEN/NOTA_KURSUS/K/LM.PDF 
999 |a K000000006   |b BOOK   |c Course Notes   |e Default branch